<?xml version="1.0" encoding="UTF-8"?>
<record
    xmlns:xsi="http://www.w3.org/2001/XMLSchema-instance"
    xsi:schemaLocation="http://www.loc.gov/MARC21/slim http://www.loc.gov/standards/marcxml/schema/MARC21slim.xsd"
    xmlns="http://www.loc.gov/MARC21/slim">

  <leader>04600nam a2200385 a 4500</leader>
  <controlfield tag="001">ebr10747389</controlfield>
  <controlfield tag="003">CaPaEBR</controlfield>
  <controlfield tag="006">m     o  u        </controlfield>
  <controlfield tag="007">cr cn|||||||||</controlfield>
  <controlfield tag="008">130422s2013    nyua    sb    001 0 eng d</controlfield>
  <datafield tag="010" ind1=" " ind2=" ">
    <subfield code="z">  2013016262</subfield>
  </datafield>
  <datafield tag="020" ind1=" " ind2=" ">
    <subfield code="z">9780823251865 (pbk.)</subfield>
  </datafield>
  <datafield tag="040" ind1=" " ind2=" ">
    <subfield code="a">CaPaEBR</subfield>
    <subfield code="c">CaPaEBR</subfield>
  </datafield>
  <datafield tag="035" ind1=" " ind2=" ">
    <subfield code="a">(OCoLC)859159630</subfield>
  </datafield>
  <datafield tag="043" ind1=" " ind2=" ">
    <subfield code="a">n-us-ny</subfield>
  </datafield>
  <datafield tag="050" ind1="1" ind2="4">
    <subfield code="a">HT281</subfield>
    <subfield code="b">.C36 2013eb</subfield>
  </datafield>
  <datafield tag="082" ind1="0" ind2="4">
    <subfield code="a">307.09747/23</subfield>
    <subfield code="2">23</subfield>
  </datafield>
  <datafield tag="100" ind1="1" ind2=" ">
    <subfield code="a">Campo, Daniel.</subfield>
  </datafield>
  <datafield tag="245" ind1="1" ind2="4">
    <subfield code="a">The accidental playground</subfield>
    <subfield code="h">[electronic resource] :</subfield>
    <subfield code="b">Brooklyn waterfront narratives of the undesigned and unplanned /</subfield>
    <subfield code="c">Daniel Campo.</subfield>
  </datafield>
  <datafield tag="250" ind1=" " ind2=" ">
    <subfield code="a">1st ed.</subfield>
  </datafield>
  <datafield tag="260" ind1=" " ind2=" ">
    <subfield code="a">New York :</subfield>
    <subfield code="b">Empire State Editions,</subfield>
    <subfield code="c">2013.</subfield>
  </datafield>
  <datafield tag="300" ind1=" " ind2=" ">
    <subfield code="a">291 p. :</subfield>
    <subfield code="b">ill. (some col.)</subfield>
  </datafield>
  <datafield tag="504" ind1=" " ind2=" ">
    <subfield code="a">Includes bibliographical references and index.</subfield>
  </datafield>
  <datafield tag="505" ind1="8" ind2=" ">
    <subfield code="a">Machine generated contents note: -- Chapter 1 - Discovering and Engaging a Waterfront -- Chapter 2- The Rise and Fall of Shantytown Skatepark -- Chapter 3- March and Burn: Practice, Performance and Leisure without a Plan -- Chapter 4- Outside Art: Exploring Wildness and Reclamation at the Water's Edge -- Chapter 5- Local Tales: Hanging Out and Observing Life on the Waterfront -- Chapter 6- Residential Life: Hardship and Resiliency on the Waterfront -- Chapter 7- Neighbors Against Garbage: Activism and Uneasy Alliances on the Waterfront -- Chapter 8- Unplanned Postscript: Dogs, Sunsets, Rock Bands and the Governance of a Waterfront Park -- Chapter 9- Planning for the Unplanned.</subfield>
  </datafield>
  <datafield tag="520" ind1=" " ind2=" ">
    <subfield code="a">"The Accidental Playground explores the remarkable landscape created by individuals and small groups who occupied and rebuilt an abandoned Brooklyn waterfront in Williamsburg. Without formal authority, capital, professional assistance, grand vision, consensus, or coordination with each other, these "vernacular" builders transformed a vacated waterfront railroad yard into a unique setting for recreation and creative endeavor. With the Manhattan skyline as its backdrop, the collapsing piers, eroded bulkhead, and remaining building foundations of the former Brooklyn Eastern District Terminal (BEDT) became the raw materials for various forms of waterside leisure and social spaces. Lacking predetermined rules governing its use, this waterfront evolved into the home turf for unusual and sometimes spectacular recreational, social, and creative subcultures. These included skateboarders who built a short-lived, but nationally renowned skatepark; a twenty-five-piece "public" marching band, fire performance troupes, and a variety of artists, photographers, and filmmakers. At the same time the site also served basic recreational needs of local residents. Collapsing piers became great places to catch fish, sunbathe, or take in the Manhattan skyline; the foundation of a demolished warehouse became an ideal place to practice music or skateboard; rubble-strewn earth became a compelling setting for film and fashion shoots; broken bulkhead became a beach; and thick patches of weeds dotted by ailanthus trees became a jungle. Drawing on a rich mix of documentary strategies including observation, ethnography, photography, and first-person narrative, Daniel Campo probes this accidental playground, allowing those who created it to share and examine their own narratives, perspectives, and conflicts. The multiple constituencies of this Williamsburg waterfront were surprisingly diverse, their stories colorful and provocative. When taken together, Campo argues, they suggest a radical reimagining of urban public space, the waterfront, and the practices by which they are created and maintained. The Accidental Playground, which treats readers to an utterly compelling story, is an exciting and distinctive contribution to the growing literature on the unplanned and the undesigned spaces and activities in cities today"--</subfield>
    <subfield code="c">Provided by publisher.</subfield>
  </datafield>
  <datafield tag="533" ind1=" " ind2=" ">
    <subfield code="a">Electronic reproduction.</subfield>
    <subfield code="b">Palo Alto, Calif. :</subfield>
    <subfield code="c">ebrary,</subfield>
    <subfield code="d">2013.</subfield>
    <subfield code="n">Available via World Wide Web.</subfield>
    <subfield code="n">Access may be limited to ebrary affiliated libraries.</subfield>
  </datafield>
  <datafield tag="610" ind1="2" ind2="0">
    <subfield code="a">Brooklyn Eastern District Terminal.</subfield>
  </datafield>
  <datafield tag="650" ind1=" " ind2="0">
    <subfield code="a">Recreation</subfield>
    <subfield code="z">New York (State)</subfield>
    <subfield code="z">Brooklyn (New York)</subfield>
  </datafield>
  <datafield tag="650" ind1=" " ind2="0">
    <subfield code="a">Communities</subfield>
    <subfield code="z">New York (State)</subfield>
    <subfield code="z">Brooklyn (New York)</subfield>
  </datafield>
  <datafield tag="650" ind1=" " ind2="0">
    <subfield code="a">Waste lands</subfield>
    <subfield code="x">Recreational use</subfield>
    <subfield code="z">New York (State)</subfield>
    <subfield code="z">Brooklyn (New York)</subfield>
  </datafield>
  <datafield tag="650" ind1=" " ind2="0">
    <subfield code="a">Waterfronts</subfield>
    <subfield code="x">Recreational use</subfield>
    <subfield code="z">New York (State)</subfield>
    <subfield code="z">Brooklyn (New York)</subfield>
  </datafield>
  <datafield tag="655" ind1=" " ind2="7">
    <subfield code="a">Electronic books.</subfield>
    <subfield code="2">local</subfield>
  </datafield>
  <datafield tag="710" ind1="2" ind2=" ">
    <subfield code="a">ebrary, Inc.</subfield>
  </datafield>
  <datafield tag="856" ind1="4" ind2="0">
    <subfield code="u">http://site.ebrary.com/lib/rucke/Doc?id=10747389</subfield>
    <subfield code="z">An electronic book accessible through the World Wide Web; click to view</subfield>
  </datafield>
  <datafield tag="999" ind1=" " ind2=" ">
    <subfield code="c">35468</subfield>
    <subfield code="d">35468</subfield>
  </datafield>
</record>
